[Event "Winnipeg TNT 2025.02"]
[Site "Winnipeg CAN"]
[Date "2025.02.18"]
[Round "3.1"]
[White "Babb, Jeff"]
[Black "Gres, Yakiv"]
[Result "1-0"]
[WhiteElo "2017"]
[BlackElo "1965"]
[WhiteFideId "-1"]
[WhiteFideId "-1"]
[PlyCount "99"]
[GameId "2150969644830816"]
[EventDate "2025.02.04"]
[EventType "swiss"]
[EventRounds "4"]
[EventCountry "CAN"]

1. f4 d5 2. Nf3 Nf6 3. g3 c5 4. Bg2 Nc6 5. O-O Bf5 6. d3 e6 7. c3 Bd6 8. Nh4 h5 9. Na3 a6 10. Qc2 Bh7 11. f5 exf5 12. Nxf5 Bxf5 13. Rxf5 Ne7 14. Rg5 h4 15. e4 Qc7 16. Qa4+ Kf8 17. exd5 hxg3 18. h3 Rd8 19. Qd1 Ng6 20. Nc4 Nf4 21. Nxd6 Qxd6 22. Qf1 N6h5 23. Rf5 g5 24. Rxg5 Re8 25. Rf5 Ne2+ 26. Kh1 Qg6 27. Bd2 Ng7 28. Rg5 Qxd3 29. Rd1 Re4 30. Rxg7 Qxd5 31. Qxf7+ Qxf7 32. Rxf7+ Kxf7 33. Bxe4 Rxh3+ 34. Kg2 Rh2+ 35. Kf3 g2 36. Be3 g1=Q 37. Bxg1 Nxg1+ 38. Rxg1 Rxb2 39. Rg2 Rb6 40. Bd5+ Kf6 41. Ke4 Rb1 42. Rf2+ Kg5 43. Ke5 b5 44. Rg2+ Kh6 45. Rg6+ Kh5 46. Rxa6 b4 47. c4 Ra1 48. Ra8 b3 49. axb3 Rb1 50. Rb8 1-0

[Event "Winnipeg TNT 2025.02"]
[Site "Winnipeg CAN"]
[Date "2025.02.18"]
[Round "3.2"]
[White "Bonness, Will"]
[Black "Boron, Anthony"]
[Result "1-0"]
[WhiteElo "1894"]
[BlackElo "2031"]
[WhiteFideId "-1"]
[WhiteFideId "-1"]
[PlyCount "63"]
[GameId "2150969644830817"]
[EventDate "2025.02.04"]
[EventType "swiss"]
[EventRounds "4"]
[EventCountry "CAN"]

1. e4 e5 2. Nf3 Nf6 3. Nc3 Nc6 4. d4 exd4 5. Nxd4 Bb4 6. Nxc6 bxc6 7. Bd3 d5 8. exd5 O-O 9. O-O Bg4 10. f3 Bh5 11. Bg5 Bxc3 12. bxc3 Qd6 13. c4 cxd5 14. Bxf6 Qxf6 15. cxd5 Rfd8 16. c4 c6 17. Qc2 Bg6 18. Bxg6 hxg6 19. Rad1 Rac8 20. Qe4 Rd6 21. Rd2 Rcd8 22. Rfd1 Qc3 23. Qd3 Qa5 24. Qe4 Qc3 25. h3 a6 26. Rd3 Qc2 27. R1d2 Qc1+ 28. Kh2 Qb1 29. dxc6 Rxd3 30. Rxd3 Qb8+ 31. f4 Re8 32. c7 1-0

[Event "Winnipeg TNT 2025.02"]
[Site "Winnipeg CAN"]
[Date "2025.02.18"]
[Round "3.4"]
[White "Hansima, Charitha"]
[Black "Gannon, Keith"]
[Result "1-0"]
[WhiteElo "1765"]
[BlackElo "1624"]
[WhiteFideId "-1"]
[WhiteFideId "-1"]
[PlyCount "97"]
[GameId "2150969644830818"]
[EventDate "2025.02.04"]
[EventType "swiss"]
[EventRounds "4"]
[EventCountry "CAN"]

1. c4 Nf6 2. g3 d5 3. b3 dxc4 4. bxc4 e5 5. Nc3 Bd7 6. Bg2 Nc6 7. d3 Bb4 8. Bd2 O-O 9. Qc2 Qc8 10. Rb1 a5 11. e3 Re8 12. Nb5 Bxd2+ 13. Qxd2 e4 14. a3 exd3 15. Nf3 Ne5 16. Nxe5 Rxe5 17. Nd4 c6 18. Qxd3 Bf5 19. Nxf5 Rxf5 20. Bh3 Rd5 21. cxd5 Qxh3 22. d6 Qg2 23. Ke2 b5 24. h3 Rd8 25. Rbg1 Qd5 26. Qxd5 Nxd5 27. Rc1 Rxd6 28. Rhd1 f5 29. f3 Rg6 30. e4 fxe4 31. fxe4 Re6 32. Kd3 Nf6 33. Re1 Rd6+ 34. Ke3 Re6 35. Kd4 b4 36. axb4 axb4 37. e5 Nd7 38. Re4 g5 39. h4 gxh4 40. gxh4 h5 41. Rg1+ Kh7 42. Rg5 Kh6 43. Rf4 b3 44. Rff5 b2 45. Rxh5+ Kg6 46. Rfg5+ Kf7 47. Rg1 c5+ 48. Kd5 c4 49. Rh7+ 1-0

[Event "Winnipeg TNT 2025.02"]
[Site "Winnipeg CAN"]
[Date "2025.02.18"]
[Round "3.5"]
[White "Maendel, Chris"]
[Black "Baylon, Jorel"]
[Result "0-1"]
[WhiteElo "1604"]
[BlackElo "1654"]
[WhiteFideId "-1"]
[WhiteFideId "-1"]
[PlyCount "120"]
[GameId "2150969644830819"]
[EventDate "2025.02.04"]
[EventType "swiss"]
[EventRounds "4"]
[EventCountry "CAN"]

1. c4 b6 2. e3 Bb7 3. d4 e6 4. Nc3 Nf6 5. Nf3 Bb4 6. Bd2 O-O 7. a3 Be7 8. g3 c5 9. Bg2 cxd4 10. exd4 d5 11. cxd5 Nxd5 12. O-O Nf6 13. Rc1 Nc6 14. Be3 Ng4 15. d5 Nxe3 16. fxe3 exd5 17. Qxd5 Na5 18. Qxd8 Raxd8 19. Nb5 Ba6 20. Nfd4 Bc5 21. Rfe1 Bxb5 22. Nxb5 Nb3 23. Rc2 Rfe8 24. Rce2 Re7 25. Kh1 Rd2 26. Bf3 Rxe2 27. Rxe2 a6 28. Nc3 Rxe3 29. Rxe3 Bxe3 30. Bd1 Na5 31. Nd5 Bd4 32. b4 Nc4 33. Be2 Nxa3 34. Bxa6 Kf8 35. Bd3 g6 36. Kg2 Ke8 37. Kf3 Kd7 38. Ke4 Bg1 39. h3 h5 40. Ne3 Kd6 41. g4 hxg4 42. Nxg4 f5+ 43. Kf4 fxg4 44. hxg4 Bf2 45. Kg5 Be1 46. b5 Kc5 47. Kxg6 Nxb5 48. g5 Na3 49. Kf7 Nc4 50. Bb1 Bc3 51. Ke6 b5 52. Bh7 b4 53. Bb1 b3 54. Bh7 b2 55. Bb1 Kd4 56. g6 Ke3 57. Bc2 Kd2 58. Bf5 Kc1 59. Bd3 Ne3 60. Kf7 Nc2 0-1

[Event "Winnipeg TNT 2025.02"]
[Site "Winnipeg CAN"]
[Date "2025.02.18"]
[Round "3.6"]
[White "Cobb, Kyle"]
[Black "Reimer, Bruce"]
[Result "1-0"]
[WhiteElo "1393"]
[BlackElo "1563"]
[WhiteFideId "-1"]
[WhiteFideId "-1"]
[PlyCount "89"]
[GameId "2150969644830820"]
[EventDate "2025.02.04"]
[EventType "swiss"]
[EventRounds "4"]
[EventCountry "CAN"]

1. e4 d5 2. exd5 Qxd5 3. Nc3 Qd8 4. d4 Nf6 5. Nf3 Bf5 6. Be2 e6 7. O-O Be7 8. Re1 O-O 9. Bg5 c6 10. Bd3 Bxd3 11. Qxd3 Nbd7 12. Ne2 h6 13. Bd2 Qb6 14. c3 Rad8 15. Qc2 Qc7 16. Bf4 Bd6 17. Bxd6 Qxd6 18. h3 b5 19. a4 a6 20. Rad1 Nb6 21. a5 Nc4 22. Ra1 Qc7 23. b4 Nd5 24. Ng3 Nf4 25. Ne5 Nxe5 26. Rxe5 Nd5 27. Rc1 Rfe8 28. Ree1 g6 29. Ne4 Kg7 30. Nc5 Qc8 31. Qe4 Nf6 32. Qf3 Rd5 33. g4 Rg5 34. Qg3 h5 35. f4 Rd5 36. g5 Nd7 37. Nd3 Qc7 38. Ne5 f6 39. gxf6+ Nxf6 40. Qxg6+ Kf8 41. Qxf6+ Kg8 42. Kh1 Re7 43. Rg1+ Rg7 44. Rxg7+ Qxg7 45. Rg1 1-0

[Event "Winnipeg TNT 2025.02"]
[Site "Winnipeg CAN"]
[Date "2025.02.25"]
[Round "4.2"]
[White "Baylon, Jorel"]
[Black "Hansima, Charitha"]
[Result "1-0"]
[WhiteElo "1654"]
[BlackElo "1765"]
[WhiteFideId "-1"]
[WhiteFideId "-1"]
[PlyCount "69"]
[GameId "2150969644830822"]
[EventDate "2025.02.04"]
[EventType "swiss"]
[EventRounds "4"]
[EventCountry "CAN"]

1. d4 d5 2. Bf4 Nf6 3. e3 Bf5 4. Nf3 Nbd7 5. Nbd2 e6 6. Ne5 c5 7. c3 Qb6 8. Qc1 Bd6 9. Be2 h6 10. O-O g5 11. Bg3 h5 12. a4 a6 13. Ndf3 Ne4 14. Nxd7 Kxd7 15. Bxd6 Qxd6 16. Ne5+ Ke7 17. f3 Nf6 18. e4 dxe4 19. fxe4 Nxe4 20. Bd3 cxd4 21. Bxe4 Qxe5 22. Bxf5 exf5 23. Re1 f6 24. Rxe5+ fxe5 25. Qxg5+ Ke6 26. cxd4 Rag8 27. Qe3 e4 28. Qb3+ Kd6 29. Qb6+ Kd5 30. Rc1 e3 31. Qc5+ Ke4 32. Qe5+ Kd3 33. Rc3+ Kd2 34. Qxe3+ Kd1 35. Rc1# 1-0

[Event "Winnipeg TNT 2025.02"]
[Site "Winnipeg CAN"]
[Date "2025.02.25"]
[Round "4.3"]
[White "Gres, Yakiv"]
[Black "Cobb, Kyle"]
[Result "1-0"]
[WhiteElo "1965"]
[BlackElo "1393"]
[WhiteFideId "-1"]
[WhiteFideId "-1"]
[PlyCount "39"]
[GameId "2150969644830823"]
[EventDate "2025.02.04"]
[EventType "swiss"]
[EventRounds "4"]
[EventCountry "CAN"]

1. e4 c5 2. Nf3 d6 3. d4 cxd4 4. Nxd4 Nf6 5. Nc3 a6 6. Bg5 e6 7. f4 Be7 8. Qf3 Qc7 9. O-O-O Nbd7 10. g4 b5 11. Bg2 Bb7 12. Bxf6 Bxf6 13. g5 Be7 14. h4 Nc5 15. a3 g6 16. Kb1 O-O 17. h5 f5 18. Qh3 Nxe4 19. Nxe4 Rac8 20. hxg6 1-0

[Event "Winnipeg TNT 2025.02"]
[Site "Winnipeg CAN"]
[Date "2025.02.25"]
[Round "4.5"]
[White "Boron, Anthony"]
[Black "Nagelberg, Alan"]
[Result "1/2-1/2"]
[WhiteElo "2031"]
[BlackElo "1786"]
[WhiteFideId "-1"]
[WhiteFideId "-1"]
[PlyCount "113"]
[GameId "2150969644830825"]
[EventDate "2025.02.04"]
[EventType "swiss"]
[EventRounds "4"]
[EventCountry "CAN"]

1. d4 d5 2. Bg5 f6 3. Bh4 Nh6 4. Nf3 Nf5 5. Bg3 h5 6. Qd3 g5 7. h3 Kf7 8. Bh2 g4 9. hxg4 hxg4 10. Bxc7 Qxc7 11. Rxh8 gxf3 12. Qxf3 Qxc2 13. Qh5+ Ke6 14. Nd2 Ng7 15. Qf3 Kf7 16. Qxd5+ e6 17. Qb3 Qxb3 18. Nxb3 Nc6 19. a3 Bd7 20. Rh1 b6 21. e3 Ne7 22. Rc1 Rc8 23. Be2 Rxc1+ 24. Nxc1 Nef5 25. Kd2 Nd6 26. Bd3 Bc6 27. Rh2 Ne4+ 28. Bxe4 Bxe4 29. f3 Bd6 30. Rh8 Bb7 31. Rd8 Ke7 32. Rh8 Kf7 33. Nd3 e5 34. dxe5 fxe5 35. e4 a5 36. Rh6 Ke7 37. Rg6 Ne6 38. Rh6 Kd7 39. Rh7+ Kc6 40. Rh5 Nf4 41. Nxe5+ Bxe5 42. Rxe5 Nxg2 43. Re6+ Kc7 44. Rf6 Ba6 45. e5 Bc4 46. Rg6 Nh4 47. Rg7+ Kc6 48. f4 b5 49. Rh7 Nf5 50. Rh8 Kd5 51. Kc3 a4 52. Re8 Ke4 53. e6 Kxf4 54. e7 Ke5 55. Rc8 Nxe7 56. Rh8 Nd5+ 57. Kd2 1/2-1/2

[Event "Winnipeg TNT 2025.02"]
[Site "Winnipeg CAN"]
[Date "2025.02.25"]
[Round "4.6"]
[White "Gannon, Keith"]
[Black "Iyer, Pia"]
[Result "1-0"]
[WhiteElo "1624"]
[BlackElo "1225"]
[WhiteFideId "-1"]
[WhiteFideId "-1"]
[PlyCount "93"]
[GameId "2150969644830826"]
[EventDate "2025.02.04"]
[EventType "swiss"]
[EventRounds "4"]
[EventCountry "CAN"]

1. Nf3 d5 2. d4 Nf6 3. e3 Bf5 4. Be2 Nbd7 5. O-O e6 6. Bd2 Bd6 7. c4 c6 8. b4 e5 9. c5 Bc7 10. Nc3 O-O 11. b5 e4 12. Ne1 Qe7 13. bxc6 bxc6 14. Rb1 Rab8 15. Rxb8 Bxb8 16. f3 exf3 17. Bxf3 Be4 18. Nxe4 dxe4 19. Be2 Qe6 20. Qc2 Ng4 21. Bxg4 Qxg4 22. Bc1 Qh4 23. g3 Bxg3 24. hxg3 Qxg3+ 25. Qg2 Qh4 26. Nc2 Nf6 27. Nb4 Ng4 28. Nxc6 f5 29. Nxa7 Ra8 30. Nb5 f4 31. exf4 Rb8 32. a4 Ra8 33. c6 Rxa4 34. c7 Rc4 35. d5 Nf6 36. d6 Nd7 37. Na7 Nb6 38. c8=Q+ Nxc8 39. Nxc8 Rxc8 40. d7 Rd8 41. Qxe4 Qg3+ 42. Qg2 Qc3 43. Qa2+ Kf8 44. Ba3+ Qxa3 45. Qxa3+ Kg8 46. Qe7 Rxd7 47. Qe8# 1-0

[Event "Winnipeg TNT 2025.03"]
[Site "Winnipeg CAN"]
[Date "2025.03.04"]
[Round "1.1"]
[White "Babb, Jeff"]
[Black "Baylon, Jorel"]
[Result "1-0"]
[WhiteElo "2065"]
[BlackElo "1733"]
[WhiteFideId "-1"]
[WhiteFideId "-1"]
[PlyCount "79"]
[GameId "2160150821052512"]
[EventDate "2025.03.04"]
[EventType "swiss"]
[EventRounds "4"]
[EventCountry "CAN"]

1. f4 e5 2. fxe5 d6 3. exd6 Bxd6 4. Nf3 g5 5. g3 b6 6. d4 g4 7. Nh4 Bb7 8. Bg2 Bxg2 9. Nxg2 Qe7 10. Qd3 Nc6 11. c3 O-O-O 12. Qf5+ Kb8 13. Bg5 f6 14. Bf4 Re8 15. e3 Bxf4 16. Qxf4 Qe4 17. Qxe4 Rxe4 18. O-O h5 19. Nd2 Re7 20. Rae1 Kc8 21. Rf5 Rh6 22. Ref1 Rd7 23. Ne4 Rf7 24. Nd2 Nce7 25. R5f2 b5 26. e4 Kd7 27. Nh4 a5 28. Nb3 a4 29. Nc5+ Kc6 30. Nd3 Kb7 31. b3 axb3 32. axb3 Nc6 33. Rf5 Kb6 34. b4 Rf8 35. Ra1 Re8 36. Nc5 Nb8 37. Ra8 Ne7 38. Rf2 Kc6 39. Rfa2 Rhh8 40. R8a6+ 1-0

[Event "Winnipeg TNT 2025.03"]
[Site "Winnipeg CAN"]
[Date "2025.03.04"]
[Round "1.2"]
[White "Curtis, Rory"]
[Black "Stordeur, Jackson"]
[Result "0-1"]
[WhiteElo "1696"]
[BlackElo "2014"]
[WhiteFideId "-1"]
[WhiteFideId "-1"]
[PlyCount "56"]
[GameId "2160150821159009"]
[EventDate "2025.03.04"]
[EventType "swiss"]
[EventRounds "4"]
[EventCountry "CAN"]

1. d4 Nf6 2. c4 g6 3. Nc3 Bg7 4. Bg5 O-O 5. Nf3 d6 6. e3 Nbd7 7. Be2 c6 8. O-O h6 9. Bh4 g5 10. Bg3 Nh5 11. Rc1 Nxg3 12. hxg3 e5 13. b4 f5 14. d5 c5 15. bxc5 Nxc5 16. Qc2 Bd7 17. Rfe1 Rc8 18. Nd2 Qe7 19. Bh5 g4 20. f4 a6 21. Nb3 b5 22. Nxc5 Rxc5 23. Ne2 Rxc4 24. Qb1 Rfc8 25. Bg6 exf4 26. Nxf4 Rxc1 27. Qb4 Qxe3+ 28. Kh2 Qxe1 0-1

[Event "Winnipeg TNT 2025.03"]
[Site "Winnipeg CAN"]
[Date "2025.03.04"]
[Round "1.3"]
[White "Boron, Anthony"]
[Black "Melnyk, Jim"]
[Result "1-0"]
[WhiteElo "1971"]
[BlackElo "1669"]
[WhiteFideId "-1"]
[WhiteFideId "-1"]
[PlyCount "57"]
[GameId "2160150821159010"]
[EventDate "2025.03.04"]
[EventType "swiss"]
[EventRounds "4"]
[EventCountry "CAN"]

1. d4 d6 2. e4 Nd7 3. f4 c6 4. Nf3 Qc7 5. Bd3 e5 6. c3 Ngf6 7. O-O Be7 8. a4 a5 9. Na3 O-O 10. Nc4 exd4 11. cxd4 d5 12. exd5 Nxd5 13. Nfe5 N7f6 14. Bd2 Bb4 15. Rc1 Qd8 16. Bb1 b5 17. Nxc6 Qe8 18. axb5 Bb7 19. Bxb4 axb4 20. Re1 Qd7 21. N4e5 Qd6 22. Qf3 Rfe8 23. g3 Nd7 24. Bxh7+ Kf8 25. Bb1 Nc7 26. Nxd7+ Qxd7 27. Qh5 Rxe1+ 28. Rxe1 Ne6 29. Qh8# 1-0

[Event "Winnipeg TNT 2025.03"]
[Site "Winnipeg CAN"]
[Date "2025.03.04"]
[Round "1.4"]
[White "Gannon, Keith"]
[Black "Gres, Yakiv"]
[Result "0-1"]
[WhiteElo "1613"]
[BlackElo "1965"]
[WhiteFideId "-1"]
[WhiteFideId "-1"]
[PlyCount "58"]
[GameId "2160150821159011"]
[EventDate "2025.03.04"]
[EventType "swiss"]
[EventRounds "4"]
[EventCountry "CAN"]

1. e4 e5 2. Nf3 Nc6 3. Bc4 Nf6 4. d3 Bc5 5. O-O d6 6. Nc3 Bg4 7. h3 Bh5 8. Be3 O-O 9. Nd5 h6 10. a3 Nxd5 11. exd5 Nd4 12. Bxd4 Bxd4 13. g4 Bg6 14. Nxd4 exd4 15. f4 f5 16. Qf3 Qh4 17. Rae1 Rae8 18. Re6 Bf7 19. Rxe8 Rxe8 20. gxf5 Re3 21. Qh1 Rg3+ 22. Qg2 Qxh3 23. Qxg3 Qxg3+ 24. Kh1 Bh5 25. c3 Bf3+ 26. Rxf3 Qxf3+ 27. Kg1 h5 28. cxd4 h4 29. b4 h3 0-1

[Event "Winnipeg TNT 2025.03"]
[Site "Winnipeg CAN"]
[Date "2025.03.04"]
[Round "1.5"]
[White "Bonness, Will"]
[Black "Trueman, Francis"]
[Result "1-0"]
[WhiteElo "1912"]
[BlackElo "1569"]
[WhiteFideId "-1"]
[WhiteFideId "-1"]
[PlyCount "75"]
[GameId "2160150821224548"]
[EventDate "2025.03.04"]
[EventType "swiss"]
[EventRounds "4"]
[EventCountry "CAN"]

1. e4 d6 2. d4 Nd7 3. Be3 e5 4. Bc4 Ngf6 5. Nc3 c6 6. d5 Be7 7. h3 Qc7 8. Nge2 a5 9. a4 O-O 10. Ng3 Re8 11. O-O Nf8 12. Nf5 Bxf5 13. exf5 h5 14. dxc6 bxc6 15. Bg5 N8h7 16. Bh4 Rab8 17. b3 Rb4 18. Na2 Rbb8 19. Be2 g6 20. fxg6 fxg6 21. Qd3 Kf7 22. Rad1 Rg8 23. f3 Qd7 24. Qd2 g5 25. Bf2 h4 26. Qxa5 Nh5 27. Qxe5 Nf4 28. Qe3 Nf6 29. Nc3 N6h5 30. Ne4 Nxg2 31. Nxd6+ Bxd6 32. Bc4+ Kg6 33. Qd3+ Kg7 34. Qd4+ Nf6 35. Qxd6 Qxh3 36. Qe7+ Kg6 37. Bd3+ Kh5 38. Qf7+ 1-0

[Event "Winnipeg TNT 2025.03"]
[Site "Winnipeg CAN"]
[Date "2025.03.04"]
[Round "1.6"]
[White "Reimer, Bruce"]
[Black "Nagelberg, Alan"]
[Result "0-1"]
[WhiteElo "1528"]
[BlackElo "1866"]
[WhiteFideId "-1"]
[WhiteFideId "-1"]
[PlyCount "68"]
[GameId "2160150821224549"]
[EventDate "2025.03.04"]
[EventType "swiss"]
[EventRounds "4"]
[EventCountry "CAN"]

1. c4 e5 2. g3 Nc6 3. Bg2 Bc5 4. Nc3 d6 5. a3 a5 6. e3 Nf6 7. Nge2 Bg4 8. h3 Be6 9. d4 Ba7 10. d5 O-O 11. dxe6 fxe6 12. O-O Qe8 13. Nb5 Bb6 14. b3 Qg6 15. Nbc3 Rf7 16. Bd2 Raf8 17. Nc1 Nh5 18. Qe2 Nxg3 19. fxg3 Rxf1+ 20. Bxf1 Qxg3+ 21. Qg2 Bxe3+ 22. Bxe3 Qxe3+ 23. Kh1 Qxc3 24. Rb1 Qe1 25. Kg1 Qe3+ 26. Kh2 Rf2 27. Qxf2 Qxf2+ 28. Bg2 Qc2 29. Ra1 Qb2 30. Ra2 Qxc1 31. b4 Qf4+ 32. Kg1 Qxc4 33. Rf2 axb4 34. axb4 Qxb4 0-1

[Event "Winnipeg TNT 2025.03"]
[Site "Winnipeg CAN"]
[Date "2025.03.04"]
[Round "1.8"]
[White "Iyer, Pia"]
[Black "Klokow, John"]
[Result "0-1"]
[WhiteElo "1209"]
[BlackElo "1823"]
[WhiteFideId "-1"]
[WhiteFideId "-1"]
[PlyCount "56"]
[GameId "2160150821224550"]
[EventDate "2025.03.04"]
[EventType "swiss"]
[EventRounds "4"]
[EventCountry "CAN"]

1. e4 e5 2. d4 exd4 3. c3 d5 4. cxd4 dxe4 5. Nc3 Nf6 6. Bc4 Be7 7. Nge2 O-O 8. Be3 Bf5 9. O-O c6 10. Qd2 Nbd7 11. Bh6 gxh6 12. Qxh6 Ng4 13. Ng3 Nxh6 14. Rfe1 Nb6 15. Nxf5 Nxf5 16. Bb3 Nd6 17. Re3 Bf6 18. Rg3+ Bg7 19. Re1 Kh8 20. Nxe4 Nxe4 21. Rxe4 Nd5 22. Reg4 Rg8 23. Rh3 Bf6 24. Bc2 Rxg4 25. Rxh7+ Kg8 26. Bd1 Rg7 27. Rh5 Qa5 28. Rh4 Qe1# 0-1

[Event "Winnipeg TNT 2025.03"]
[Site "Winnipeg CAN"]
[Date "2025.03.11"]
[Round "2.1"]
[White "Nagelberg, Alan"]
[Black "Babb, Jeff"]
[Result "1-0"]
[WhiteElo "1866"]
[BlackElo "2065"]
[WhiteFideId "-1"]
[WhiteFideId "-1"]
[PlyCount "117"]
[GameId "2160150821224552"]
[EventDate "2025.03.04"]
[EventType "swiss"]
[EventRounds "4"]
[EventCountry "CAN"]

1. c4 e5 2. Nc3 Nc6 3. g3 g6 4. Bg2 Bg7 5. e4 d6 6. Nge2 Be6 7. d3 Qc8 8. Nd5 Nce7 9. O-O c6 10. Ndc3 Bh3 11. Be3 h5 12. f3 Bxg2 13. Kxg2 h4 14. g4 f5 15. h3 Nf6 16. g5 Nh5 17. f4 Qd7 18. d4 fxe4 19. dxe5 Nf5 20. Bg1 Nhg3 21. Re1 dxe5 22. Qxd7+ Kxd7 23. Nxg3 hxg3 24. Nxe4 exf4 25. Nc5+ Kc8 26. Kf3 Bd4 27. Nd3 Bxg1 28. Rxg1 Nd4+ 29. Kg4 f3 30. Rxg3 Kc7 31. Ne5 Rae8 32. Rd1 c5 33. Rxd4 cxd4 34. Nxg6 Rhg8 35. Nf4 f2 36. Rf3 Kc6 37. Rxf2 Re1 38. Rd2 Rg1+ 39. Ng2 Kc5 40. h4 Kxc4 41. h5 a5 42. g6 a4 43. a3 b5 44. Kg5 Kd5 45. h6 Rh1 46. g7 Ke4 47. Kg6 Rc8 48. Rf2 Rc6+ 49. Rf6 Rxh6+ 50. Kxh6 Rxf6+ 51. Kh5 Rf5+ 52. Kh4 d3 53. g8=Q d2 54. Qg4+ Kd3 55. Qxf5+ Ke2 56. Qe4+ Kd1 57. Qb1+ Ke2 58. Nf4+ Ke3 59. Qd1 1-0

[Event "Winnipeg TNT 2025.03"]
[Site "Winnipeg CAN"]
[Date "2025.03.11"]
[Round "2.3"]
[White "Gres, Yakiv"]
[Black "Klokow, John"]
[Result "1-0"]
[WhiteElo "1965"]
[BlackElo "1823"]
[WhiteFideId "-1"]
[WhiteFideId "-1"]
[PlyCount "53"]
[GameId "2160150821224553"]
[EventDate "2025.03.04"]
[EventType "swiss"]
[EventRounds "4"]
[EventCountry "CAN"]

1. e4 e5 2. Nf3 Nc6 3. Bb5 Nf6 4. O-O Nxe4 5. Re1 Nd6 6. Nxe5 Nxe5 7. Rxe5+ Be7 8. Bf1 O-O 9. d4 Bf6 10. Bd3 g6 11. Bh6 Re8 12. f4 Bg7 13. Bxg7 Kxg7 14. Nc3 f6 15. Rxe8 Nxe8 16. Qf3 c6 17. d5 Qb6+ 18. Kf1 d6 19. Re1 Kf7 20. Qe4 Qd8 21. dxc6 bxc6 22. Qxc6 Be6 23. Rxe6 Kxe6 24. Bc4+ Ke7 25. Qb7+ Nc7 26. Nd5+ Kf8 27. Nxc7 1-0

[Event "Winnipeg TNT 2025.03"]
[Site "Winnipeg CAN"]
[Date "2025.03.11"]
[Round "2.5"]
[White "Zhou, Joe"]
[Black "Rook, Sean"]
[Result "1/2-1/2"]
[WhiteElo "1915"]
[BlackElo "1777"]
[WhiteFideId "-1"]
[WhiteFideId "-1"]
[PlyCount "100"]
[GameId "2160150821224555"]
[EventDate "2025.03.04"]
[EventType "swiss"]
[EventRounds "4"]
[EventCountry "CAN"]

1. Nf3 Nc6 2. d4 d5 3. Bf4 e6 4. e3 Bd6 5. Bg3 Nf6 6. Be2 Ne4 7. Bxd6 Nxd6 8. O-O O-O 9. Nbd2 Re8 10. c4 dxc4 11. Nxc4 b6 12. Rc1 Bb7 13. Nfe5 Nxc4 14. Nxc4 Nb4 15. a3 Nd5 16. Bf3 Rb8 17. Ne5 f6 18. Nc6 Bxc6 19. Rxc6 Qd7 20. Qc2 Rbc8 21. Rc1 Re7 22. g3 f5 23. Qc4 g6 24. Rxe6 Rxe6 25. Bxd5 Kf7 26. Bxe6+ Qxe6 27. Kf1 Qxc4+ 28. Rxc4 Ke6 29. Ke2 Kd5 30. Kd3 c6 31. f3 Re8 32. Rc2 c5 33. dxc5 bxc5 34. e4+ fxe4+ 35. fxe4+ Rxe4 36. Rxc5+ Kxc5 37. Kxe4 Kc4 38. b4 Kb3 39. Kd4 Kxa3 40. Kc4 Ka4 41. b5 Ka5 42. Kc5 g5 43. g4 Ka4 44. b6 axb6+ 45. Kxb6 Kb4 46. Kc6 Kc4 47. Kd6 Kd4 48. Ke6 Ke4 49. Kf6 Kf4 50. h3 Kg3 1/2-1/2

[Event "Winnipeg TNT 2025.03"]
[Site "Winnipeg CAN"]
[Date "2025.03.11"]
[Round "2.6"]
[White "Baylon, Jorel"]
[Black "Reimer, Bruce"]
[Result "1-0"]
[WhiteElo "1733"]
[BlackElo "1528"]
[WhiteFideId "-1"]
[WhiteFideId "-1"]
[PlyCount "43"]
[GameId "2160150821224556"]
[EventDate "2025.03.04"]
[EventType "swiss"]
[EventRounds "4"]
[EventCountry "CAN"]

1. d4 g6 2. Bf4 Bg7 3. e4 d6 4. Nc3 a6 5. h4 h6 6. a3 Nd7 7. Nf3 b5 8. Bd3 Bb7 9. Qd2 Ngf6 10. e5 Nd5 11. e6 N7f6 12. exf7+ Kxf7 13. Ne4 Nxf4 14. Qxf4 Qe8 15. O-O-O h5 16. Rhg1 Bh6 17. Nfg5+ Kg8 18. Nxf6+ exf6 19. Qxf6 Bxg5+ 20. hxg5 Kh7 21. Rde1 Qd8 22. Qxg6# 1-0

[Event "Winnipeg TNT 2025.03"]
[Site "Winnipeg CAN"]
[Date "2025.03.11"]
[Round "2.7"]
[White "Trueman, Francis"]
[Black "Curtis, Rory"]
[Result "0-1"]
[WhiteElo "1569"]
[BlackElo "1696"]
[WhiteFideId "-1"]
[WhiteFideId "-1"]
[PlyCount "58"]
[GameId "2160150821224557"]
[EventDate "2025.03.04"]
[EventType "swiss"]
[EventRounds "4"]
[EventCountry "CAN"]

1. e4 e5 2. Nf3 d6 3. d3 Nf6 4. Nbd2 Be7 5. Be2 O-O 6. O-O Nc6 7. Re1 d5 8. c3 dxe4 9. dxe4 b6 10. Qc2 Bb7 11. Nf1 h6 12. h4 Bd6 13. N1h2 Ne7 14. Bc4 c5 15. Bd3 Qc7 16. b3 Rad8 17. g4 Ng6 18. Kh1 Nf4 19. Bxf4 exf4 20. Rg1 Rfe8 21. Rae1 Nd7 22. g5 h5 23. g6 f6 24. Be2 Bxe4 25. Bc4+ Kf8 26. Rxe4 Ne5 27. Nxe5 Bxe5 28. Nf3 Qd7 29. Nxe5 Qh3# 0-1

[Event "Winnipeg TNT 2025.03"]
[Site "Winnipeg CAN"]
[Date "2025.03.11"]
[Round "2.8"]
[White "Melnyk, Jim"]
[Black "Iyer, Pia"]
[Result "1-0"]
[WhiteElo "1664"]
[BlackElo "1209"]
[WhiteFideId "-1"]
[WhiteFideId "-1"]
[PlyCount "75"]
[GameId "2160150821224558"]
[EventDate "2025.03.04"]
[EventType "swiss"]
[EventRounds "4"]
[EventCountry "CAN"]

1. e4 c6 2. Nc3 d5 3. Nf3 Nf6 4. e5 Nh5 5. d4 Bg4 6. h3 e6 7. hxg4 c5 8. Bb5+ Nc6 9. gxh5 Qd7 10. Be3 Be7 11. Qd2 O-O-O 12. Ng5 Rhf8 13. Nxh7 Rfe8 14. O-O-O a6 15. Bxc6 Qxc6 16. Ng5 b5 17. Nxf7 Rd7 18. Nd6+ Bxd6 19. exd6 Qxd6 20. Bf4 Qc6 21. Be5 b4 22. Nb1 Rb7 23. Rh3 c4 24. c3 b3 25. a3 Qd7 26. Qg5 Qf7 27. f4 Qc7 28. Bxc7 Kxc7 29. Qxg7+ Kc6 30. Qe5 Reb8 31. Qxe6+ Kc7 32. h6 Rh8 33. Qe5+ Kd8 34. Qxh8+ Ke7 35. Qg7+ Ke8 36. Qxb7 Kf8 37. h7 Ke8 38. h8=Q# 1-0

[Event "Winnipeg TNT 2025.03"]
[Site "Winnipeg CAN"]
[Date "2025.03.18"]
[Round "3.1"]
[White "Bonness, Will"]
[Black "Stordeur, Jackson"]
[Result "0-1"]
[WhiteElo "1912"]
[BlackElo "2014"]
[WhiteFideId "-1"]
[WhiteFideId "-1"]
[PlyCount "108"]
[GameId "2160150821224560"]
[EventDate "2025.03.04"]
[EventType "swiss"]
[EventRounds "4"]
[EventCountry "CAN"]

1. e4 c5 2. Nf3 d6 3. Bb5+ Bd7 4. Bxd7+ Qxd7 5. c4 Nf6 6. Nc3 g6 7. d4 cxd4 8. Nxd4 Bg7 9. O-O O-O 10. f3 Rc8 11. b3 Nc6 12. Be3 Rab8 13. Qd2 a6 14. Rad1 Qd8 15. Nd5 b5 16. Nxc6 Rxc6 17. e5 Nxd5 18. cxd5 Rcc8 19. exd6 Qxd6 20. Bf4 Qc5+ 21. Kh1 Ra8 22. b4 Qc4 23. a3 Rd8 24. Be3 e6 25. d6 Bf8 26. d7 Be7 27. Bb6 Rdb8 28. Rc1 Qh4 29. Bc7 Rf8 30. Rfd1 h5 31. Be5 Bf6 32. g3 Qg5 33. Qxg5 Bxg5 34. f4 Be7 35. Rc7 Rfd8 36. Rdc1 f6 37. Bb2 Kf7 38. Rc8 Ra7 39. R1c7 Rxd7 40. Rxa7 Rxa7 41. Rc6 Rd7 42. Rc2 g5 43. fxg5 fxg5 44. Rf2+ Kg6 45. Re2 Bf6 46. Bxf6 Kxf6 47. Rf2+ Ke7 48. Kg2 Rd3 49. Ra2 Kd6 50. a4 Rb3 51. axb5 axb5 52. Rd2+ Ke5 53. Re2+ Kf6 54. Re4 e5 0-1